Catálogo
 En Linea

Ensayo sobre la libertad / (Registro nro. 24595)

Detalles MARC
000 -CABECERA
campo de control de longitud fija 00891nam a2200253 a 4500
001 - NÚMERO DE CONTROL
campo de control 000025102
005 - FECHA Y HORA DE LA ÚLTIMA TRANSACCIÓN
campo de control 20200930023551.0
008 - DATOS DE LONGITUD FIJA--INFORMACIÓN GENERAL
campo de control de longitud fija 110210s1985 dr 001 e spa d
040 ## - FUENTE DE LA CATALOGACIÓN
Centro catalogador/agencia de origen DO-SdBNP
Lengua de catalogación spa
Centro/agencia transcriptor BNPHU
082 ## - NÚMERO DE LA CLASIFICACIÓN DECIMAL DEWEY
Número de clasificación 123.5
Número de documento/Ítem M645e
100 1# - ENTRADA PRINCIPAL--NOMBRE DE PERSONA
Nombre de persona Mill, John Stuart,
Fechas asociadas al nombre 1806-1873
9 (RLIN) 45023
245 10 - MENCIÓN DE TÍTULO
Título Ensayo sobre la libertad /
Mención de responsabilidad, etc. John Stuart Mill.
250 ## - MENCIÓN DE EDICIÓN
Mención de edición [1ª ed. dominicana]
260 ## - PUBLICACIÓN, DISTRIBUCIÓN, ETC.
Lugar de publicación, distribución, etc. Santo Domingo :
Nombre del editor, distribuidor, etc. Alfa y Omega,
Fecha de publicación, distribución, etc. 1985.
300 ## - DESCRIPCIÓN FÍSICA
Extensión 102 p. ;
Dimensiones 17 cm.
490 1# - MENCIÓN DE SERIE
Mención de serie Edil Universitas
500 ## - NOTA GENERAL
Nota general Incluye bibliografía y notas al pie de páginas.
533 ## - NOTA DE REPRODUCCIÓN
Tipo de reproducción Facsímil:
Lugar de la reproducción Río Piedras :
Institución responsable de la reproducción Edil,
Fecha de la reproducción 1969.
590 ## - NOTA LOCAL (RLIN)
Nota local Inventariado, 2018/LP
650 #4 - PUNTO DE ACCESO ADICIONAL DE MATERIA--TÉRMINO DE MATERIA
Término de materia o nombre geográfico como elemento de entrada Libertad
Subdivisión general Ensayos, conferencias, etc.
9 (RLIN) 51490
650 #4 - PUNTO DE ACCESO ADICIONAL DE MATERIA--TÉRMINO DE MATERIA
Término de materia o nombre geográfico como elemento de entrada Libre albedrío y determinismo
Subdivisión general Ensayos, conferencias, etc.
9 (RLIN) 51491
830 #0 - PUNTO DE ACCESO ADICIONAL DE SERIE-TÍTULO UNIFORME
Título uniforme Edil Universitas
9 (RLIN) 37242
910 ## - DATOS DE OPCIÓN DEL USUARIO (OCLC)
Datos de opción del usuario Validado. Control de calidad EMS
Existencias
Estado de retiro Estado de pérdida No para préstamo Código de colección Localización permanente Ubicación/localización actual Ubicación en estantería Fecha de adquisición Número de inventario Total de préstamos Signatura topográfica completa Código de barras Fecha visto por última vez Precio válido a partir de Tipo de ítem Koha Número de copia
    Excluido de préstamo Patrimonio Dominicano Patrimonio Dominicano Patrimonio Dominicano Depósito 10.02.2011 LF1   123.5 M645e 25102-10 25.06.2020 25.06.2020 Libro y Folleto Colección Patrimonio Dominicano  
    Excluido de préstamo Patrimonio Dominicano Patrimonio Dominicano Patrimonio Dominicano Depósito 06.04.2011 LF1   123.5 M645e 25102-20 25.06.2020 25.06.2020 Libro y Folleto Colección Patrimonio Dominicano e. 2

Con tecnología Koha